| 000 | 00361nam a2200133Ia 4500 | ||
|---|---|---|---|
| 008 | 210210b1983 xxu||||| |||| 00| 0 eng d | ||
| 082 | _a338.954 PRAP | ||
| 100 | _aPRASAD (K N). | ||
| 245 | _aProblems of Indian economic development. | ||
| 260 |
_aND _bSterling publishers pvt ltd. _c1983 |
||
| 300 | _axiv,623 | ||
| 690 | _aIndian Economics | ||
| 906 | _aSG02674 | ||
| 999 |
_c113878 _d113878 |
||